000 00495nam a2200229Ia 4500
001 087790
003 YMCAF
005 20230512161626.0
008 100717s2004 ||||||||||||||||| ||und|d
024 _a87790
035 _a27249
040 _aYMCAF
_beng
_cIN-KoLT
041 _aeng
082 _a658.403
_b8 OBR
100 _aObrien, James A
245 0 _aManagement infomation system
250 _a6th
260 _bTMH
_c2004
300 _a124
500 _aWith C D
942 _2ddc
_cBK
999 _c9301
_d9301